000 00792nam a2200217Ia 4500
003 GCL
008 140319s9999 xx 000 0 ara d
040 _aGCL /
_cGCL
082 0 4 _a256
_bن ع
100 1 _aنواف هايل تكرورى
245 1 0 _aالعمليات الاستشهادية فى الميزان الفقهى /
_cنواف هايل تكرورى
250 _aالاولى
260 _aالقاهرة :
_bمركز الاعلام العربى ،
_c2003
300 _a231 ص ؛
_c20 سم
650 0 4 _aالمقاومة الفلسطينية
650 0 4 _aالاسلام والاصلاح السياسى
650 0 4 _aالجهاد فى الاسلام
650 0 4 _aالفدائيون الفلسطينيون
650 0 4 _aالفداء فى الاسلام
942 _2ddc
_cBK
999 _c8933
_d8933